000
00244nam a2200097Ia 4500
001
977522
005
20250826220728.0
008
250824s9999 xx 000 0 und d
245
0
_a
İÇİN RAHAT OLSUN
_c
MURAT AVCI
260
_b
HAYY KİTAP YAYINLARI
999
_c
977522
_d
977522